Fundamentos biológicos de la educación/ (Registro nro. 9715)
[ vista simple ]
| 000 -LEADER | |
|---|---|
| fixed length control field | 01131nam a2200205Ia 4500 |
| 005 - FECHA Y HORA DE LA ÚLTIMA TRANSACCIÓN | |
| control field | 20231014113646.0 |
| 008 - FIXED-LENGTH DATA ELEMENTS--GENERAL INFORMATION | |
| fixed length control field | 231011s9999 xx 000 0 und d |
| 020 ## - INTERNATIONAL STANDARD BOOK NUMBER | |
| International Standard Book Number | 84-362-3375-1 |
| 040 ## - CATALOGING SOURCE | |
| Original cataloging agency | UPAN |
| Transcribing agency | Biblioteca San Vicente |
| Description conventions | RCAA2 |
| 041 ## - LANGUAGE CODE | |
| Language code of text/sound track or separate title | spa |
| 082 ## - DEWEY DECIMAL CLASSIFICATION NUMBER | |
| Classification number | 152 |
| Item number | R637f |
| año de publicación | 1996 |
| 100 ## - MAIN ENTRY--PERSONAL NAME | |
| Personal name | Rodriguez del Cerro, Cruz |
| Relator code | aut. |
| 245 #0 - TITLE STATEMENT | |
| Title | Fundamentos biológicos de la educación/ |
| Statement of responsibility, etc | María Cruz Rodríguez de Cerro, Antonio Guillamón Fernández |
| 250 ## - EDITION STATEMENT | |
| Edition statement | 2° ed. |
| 260 ## - PUBLICATION, DISTRIBUTION, ETC. (IMPRINT) | |
| Place of publication, distribution, etc | España: |
| Name of publisher, distributor, etc | UNED, |
| Date of publication, distribution, etc | 1996 |
| 300 ## - PHYSICAL DESCRIPTION | |
| Extent | 117 p.; |
| Dimensions | 24 cm. |
| 505 ## - FORMATTED CONTENTS NOTE | |
| Formatted contents note | La asignatura FUNDAMENTOS BIOLÓGICOS DE LA EDUCACIÓN tiene como objeto de esto los mecanismos neurobiológicos que gobiernan la conducta. Es difícil entender el proceso educativo sin hacer una referencia explícita a los fundamentos biológicos de la conducta; en concreto, qué funciones desempeña el cerebro en el aprendizaje, la memorio, las emociones y motivaciones, el lenguaje, etc. Difícilmente se pueden cognitivos en la etapa de envejecimiento sin un conocimiento preciso del envejecimiento cerebral. |
| 650 ## - SUBJECT ADDED ENTRY--TOPICAL TERM | |
| General subdivision | Biología-Enseñanza |
| 942 ## - ADDED ENTRY ELEMENTS (KOHA) | |
| Koha item type | Libros |
| Source of classification or shelving scheme | Dewey Decimal Classification |
| Withdrawn status | Lost status | Source of classification or shelving scheme | Damaged status | Not for loan | Collection code | Home library | Current library | Date acquired | Total Checkouts | Full call number | Barcode | Date last seen | Copy number | Price effective from | Koha item type |
|---|---|---|---|---|---|---|---|---|---|---|---|---|---|---|---|
| Dewey Decimal Classification | Colección General | Biblioteca UPAN San Vicente | Biblioteca UPAN San Vicente | 11/10/2023 | 152 R637f | 12001965 | 11/10/2023 | 01 | 11/10/2023 | Referencia | |||||
| Dewey Decimal Classification | Referencia | Biblioteca UPAN San Vicente | Biblioteca UPAN San Vicente | 11/10/2023 | 152 R637f | 12001966 | 11/10/2023 | 02 | 11/10/2023 | Referencia | |||||
| Dewey Decimal Classification | Referencia | Biblioteca UPAN San Vicente | Biblioteca UPAN San Vicente | 14/10/2023 | 152 R637f | 12001967 | 14/10/2023 | 03 | 14/10/2023 | Referencia | |||||
| Dewey Decimal Classification | Referencia | Biblioteca UPAN San Vicente | Biblioteca UPAN San Vicente | 14/10/2023 | 152 R637f | 12001968 | 14/10/2023 | 04 | 14/10/2023 | Referencia |